00813nam a2200229Ia 4500003000400000005001700004008004100021020002200062040000700084041000800091082002400099100002700123245007700150260004500227300001800272365001300290650003100303906008100334942001200415999001900427952013700446OSt20230329095809.0210423s2017 xx 000 0 und d a978-0-19-946682-5 cAL aeng a332.1532 223bPRAR aPRABHU (Nagesh)979386 aReflective shadows: political economy of the world bank lending to India aNew DelhibOxford University Pressc2017 axxxix,541bPB b995cINR aFinancial Economics979387 abank ; economy ; India ; lending ; political ; Reflective ; shadows: ; world 2ddccBK c168821d168821 001040708ECOaSACPGbSACPGd2017-10-12eIntact Bookhouseg995.00l0o332.1532 PRARpPG015323r2022-08-24 00:00:00w2021-04-26yBK